| 000 | 00827nam a2200217 a 4500 | ||
|---|---|---|---|
| 003 | DO-SdBNP | ||
| 005 | 20221025114156.0 | ||
| 007 | ta | ||
| 008 | 221025b20082004dr aod|grt|||o001 0 spa d | ||
| 040 |
_aDO-SdBNP _bspa _cBNPHU |
||
| 082 | 4 |
_222 _bI59c |
|
| 110 | 2 |
_982155 _aInstituto Nacional de Administración Pública (República Dominicana) |
|
| 245 | 1 | 0 |
_aCapacitación, modernidad, progreso (INAP): _b2004 - 2008 |
| 260 |
_aSanto Domingo : _bINAP, _c[2008] |
||
| 300 |
_a96 p. : _bil., fotograf., gráf. ; _c28 cm. |
||
| 590 | _aInventariado 2022 / MF | ||
| 610 | 4 |
_982155 _aInstituto Nacional de Administración Pública (República Dominicana) _xInformes Técnicos _y2004 - 2008 |
|
| 650 | 4 |
_977190 _aAdministración pública _vInforme Técnico _y2004 - 2008 _zRepública Dominicana |
|
| 910 | _aMFeliz | ||
| 942 |
_2ddc _cLBS1 |
||
| 999 |
_c52633 _d52633 |
||